Štvrťročné hodnotenie podielových fondov

Ratingová agentúra prezentovala koncom apríla 2002 pravidelné štvrťročné hodnotenie otvorených podielových fondov s domicilom v SR. Porovnanie s hodnotením za posledný kvartál. Zmeny v poradí fondov. Dlhopisovými fondmi hýbu kurzy. Scoring otvorených podielových fondov.

Gespeichert in:
Bibliographische Detailangaben
1. Verfasser: Činátl, René
Weitere Verfasser: Kyselý, Ľubor
Format: Buchkapitel
Sprache:Slowakisch
Schlagworte:
Tags: Tag hinzufügen
Keine Tags, Fügen Sie das erste Tag hinzu!

MARC

LEADER 00000naa a2200000 4500
001 r045001
005 20230921113111.5
041 0 |a slo 
044 |a SK 
245 1 0 |a Štvrťročné hodnotenie podielových fondov  |c René Činátl, Ľubor Kyselý 
520 |a Ratingová agentúra prezentovala koncom apríla 2002 pravidelné štvrťročné hodnotenie otvorených podielových fondov s domicilom v SR. Porovnanie s hodnotením za posledný kvartál. Zmeny v poradí fondov. Dlhopisovými fondmi hýbu kurzy. Scoring otvorených podielových fondov. 
610 2 0 |a fondy podielové 
610 2 0 |a rating 
610 2 0 |a agentúry 
610 2 0 |a dlhopisy 
610 2 0 |a Slovensko 
610 2 0 |a január-marec 
610 2 0 |a 2002 
100 1 |a Činátl, René 
700 1 |a Kyselý, Ľubor